[Event "Interpolis-09"]
[Site "Tilburg"]
[Date "1985.08.28"]
[Round "1"]
[White "Dzindzichashvili, Roman"]
[Black "Ljubojevic, Ljubomir"]
[Result "1-0"]
[WhiteElo "2570"]
[BlackElo "2615"]
[PlyCount "73"]
[EventDate "1985.08.28"]
[EventType "tourn"]
[EventRounds "14"]
[EventCountry "NED"]
[EventCategory "15"]
[SourceTitle "MCL"]
[Source "ChessBase"]
[SourceDate "1999.07.01"]
[SourceVersion "1"]
[SourceVersionDate "1999.07.01"]
[SourceQuality "1"]

1. g3 {TFS} e5 2. d3 d5 3. Nf3 Nc6 4. Bg2 Nf6 5. O-O Be7 6. c3 O-O 7. Qc2 Bf5 8. Nbd2 Qd7 9. e4 Bh3 10. Re1 Bxg2 11. Kxg2 Rfe8 $146 ({RR} 11... dxe4 12. dxe4 Bc5 13. b4 Bd6 14. Bb2 Nh5 15. h3 Nd8 16. Nf1 Ne6 17. Kh2 g6 18. Rad1 Qc6 19. Ne3 a5 20. Nd5 axb4 21. Nxe5 Qa4 22. Qxa4 Rxa4 23. cxb4 Rxa2 24. Nd3 c6 25. Nc3 Raa8 26. e5 {Jansson,B-Lundin,E Gausdal 1974 EXT 2020 [TFS] 0-1 (41)}) ({RR} 11... Rad8 12. b4 b5 13. a4 a6 14. axb5 axb5 15. Nb3 d4 16. cxd4 Nxb4 17. Qe2 exd4 18. Ne5 Qe6 19. Bf4 Qxb3 20. Rab1 Qe6 21. Nf3 c5 22. Ng5 Qc6 23. Kg1 h6 24. Nf3 Rfe8 25. Qd2 Bf8 26. Nh4 {Mankiewicz,R-Karklins,E Chicago 1995 0-1 (52)}) 12. b4 a6 13. Nb3 Rad8 14. Bg5 h6 15. Bxf6 Bxf6 16. a4 b6 17. a5 Qc8 18. Qa2 dxe4 19. dxe4 Rd3 20. Qc2 Rdd8 21. Red1 Rxd1 22. Rxd1 Rd8 23. Rxd8+ Bxd8 24. Qd3 bxa5 25. Qd5 Qe6 26. Qxe6 fxe6 27. bxa5 Be7 28. Ne1 Kf7 29. Kf3 Bd6 30. Ke3 Nd8 31. Kd3 g5 32. Kc4 g4 33. Nd3 Nc6 34. Nb4 Nb8 35. Nc5 Bxc5 36. Kxc5 Kg6 37. Nxa6 1-0

[Event "Interpolis-09"]
[Site "Tilburg"]
[Date "1985.09.05"]
[Round "7"]
[White "Kortschnoj, Viktor Lvovich"]
[Black "Timman, Jan H"]
[Result "1-0"]
[WhiteElo "2630"]
[BlackElo "2640"]
[Annotator "ChessBase"]
[PlyCount "55"]
[EventDate "1985.08.28"]
[EventType "tourn"]
[EventRounds "14"]
[EventCountry "NED"]
[EventCategory "15"]
[SourceTitle "MCL"]
[Source "ChessBase"]
[SourceDate "1999.07.01"]
[SourceVersion "1"]
[SourceVersionDate "1999.07.01"]
[SourceQuality "1"]

1. Nf3 c5 2. b3 d5 3. e3 Nc6 4. Bb2 a6 5. d4 Bg4 (5... Nf6 $5) 6. dxc5 e5 $6 (6... Qa5+ $5) ({RR} 6... e6 7. c4 Nf6 8. cxd5 exd5 9. Nbd2 Bxc5 10. Rc1 Bb4 11. a3 Bxf3 12. gxf3 Be7 13. f4 O-O 14. Nf3 Ne4 15. Rg1 Qa5+ 16. Nd2 Bf6 17. b4 Qd8 18. Bxf6 Nxf6 19. Nf3 Re8 20. Be2 Qb6 21. Kf1 {Sanguinetti,L (2178)-Vlassov,N (2299) chess.com INT 2024 0-1 (35)}) 7. Be2 Bxf3 8. Bxf3 e4 $2 (8... Nf6 9. c4 (9. Nc3 e4 10. Be2 Bxc5 $13) (9. Ba3 $5) 9... dxc4 (9... e4 10. cxd5) 10. Bxc6+ bxc6 11. Qxd8+ Rxd8 12. Bxe5 $14) 9. Bg4 $146 ({RR} 9. Be2 Nf6 10. Bd4 Be7 11. c3 O-O 12. b4 a5 13. Bb5 Nxd4 14. Qxd4 axb4 15. cxb4 Ng4 16. Nc3 Bf6 17. Qd2 Ra3 18. Rc1 Nxf2 19. O-O Ng4 20. h3 Nxe3 21. Qxe3 Bxc3 22. Rxc3 d4 23. Qxe4 dxc3 {Bashkite,V (2131)-Burtasova,A (2220) Serpukhov 2004 ½-½}) ({RR} 9. Be2 Qg5 10. O-O Nf6 11. c4 Rd8 12. cxd5 Qxd5 13. Qxd5 Rxd5 14. Bxf6 gxf6 15. Nc3 Re5 16. Rac1 f5 17. Na4 Bh6 18. g3 Ke7 19. Rfd1 Rd8 20. Bc4 Rxd1+ 21. Rxd1 Na5 22. Bd5 Bf8 23. Nb6 Bg7 {Moussard,J (2672)-Jumabayev,R (2617) Chess.com INT 2022 1-0 (31)}) 9... Nf6 (9... Qa5+ 10. Nc3 Nf6 11. O-O $16) 10. Bxf6 $1 gxf6 (10... Qxf6 11. Qxd5 Rd8 12. Qxe4+ Be7 13. c3 $16) 11. Nc3 Qa5 12. Qd2 Rd8 13. Na4 Qc7 14. O-O Rg8 15. Bh3 d4 16. Kh1 Bh6 17. Qe2 Qe5 18. Rad1 Kf8 19. Nb6 $1 f5 (19... Kg7 20. Nd7 Qe7 21. exd4 Rxd7 22. Qg4+ $18) (19... Qe7 20. exd4 Nxd4 21. Qc4) (19... Ke7 20. Nd7 $5 Rxd7 21. Bxd7 Kxd7 22. exd4 $16) 20. Qh5 Kg7 21. exd4 $1 (21. Qxf5 $6 Qxf5 22. Bxf5 dxe3 23. fxe3 Bxe3 $16) 21... Nxd4 22. Nc4 $1 Qxc5 23. Ne3 Bxe3 24. fxe3 Ne6 25. Bxf5 Rxd1 26. Rxd1 Kf6 (26... Qxc2 27. Bxe6 fxe6 28. Rd7+ $18) 27. Rf1 Ke7 28. Qxh7 1-0

[Event "URS-ch53 First League"]
[Site "Kharkov"]
[Date "1985.10.??"]
[Round "?"]
[White "Lerner, Konstantin Z"]
[Black "Dolmatov, Sergey"]
[Result "1-0"]
[WhiteElo "2520"]
[BlackElo "2540"]
[PlyCount "59"]
[EventDate "1985.10.??"]
[EventType "tourn"]
[EventRounds "17"]
[EventCountry "URS"]
[EventCategory "9"]
[SourceTitle "MCL"]
[Source "ChessBase"]
[SourceDate "1999.07.01"]
[SourceVersion "1"]
[SourceVersionDate "1999.07.01"]
[SourceQuality "1"]

1. e4 {Horn,Peter} e6 2. d3 d5 3. Nd2 c5 4. Ngf3 Nc6 5. g3 Bd6 6. Bg2 Nge7 7. O-O O-O 8. Nh4 b6 9. f4 dxe4 10. dxe4 Ba6 11. Re1 Bc7 ({RR} 11... c4 12. c3) 12. c3 ({RR} 12. e5 Qd7 13. Kh1 ({RR} 13. Qh5 Qd4+ 14. Kh1 Qf2 15. Nhf3 Nd4 16. Ne4 Qxc2 17. Nxd4 cxd4 18. Ng5 Qg6 19. Qxg6 hxg6 20. Bxa8 Rxa8) 13... Rad8 14. Qh5 Nf5 15. Ne4 Ncd4 16. g4 Nxh4 17. Qxh4 f6) 12... Qd7 ({RR} 12... Bd3 13. e5 Qd7 ({RR} 13... b5) 14. Ne4 Rad8 15. Qg4 Bxe4 ({RR} 15... Kh8 16. Rd1) 16. Bxe4 Ng6 17. Nf3 Nce7 ({RR} 17... f5 18. exf6 Rxf6 19. Ng5 ({RR} 19. Ne5 Bxe5 20. fxe5 ({RR} 20. Bxc6 Qxc6 21. fxe5 Rf7) 20... Ncxe5) 19... Nf8) 18. Bc2 ({RR} 18. h4 Nf5 19. h5 Nge7) 18... Nf5 19. Ng5 Rfe8 ({RR} 19... h6 20. Nxe6 Nxe5 ({RR} 20... fxe6 21. Qxg6) ({RR} 20... Qxe6 21. Bxf5) 21. Nxf8 Nxg4 22. Nxd7) ({RR} 19... f6 20. Nxe6) 20. Qh5 Nh6 ({RR} 20... h6 21. Nxe6 ({RR} 21. Bxf5 exf5 22. e6 fxe6 23. Qxg6 hxg5 24. Qxg5) ({RR} 21. Ne4) 21... Nxe5 ({RR} 21... Qxe6 22. Bxf5) ({RR} 21... fxe6 22. Qxg6) 22. Qxf5 g6 ({RR} 22... Ng6 23. Nxd8 Rxe1+ 24. Kf2 Qe8 25. Qxf7+ Qxf7 26. Nxf7) 23. Qe4 Rxe6 24. fxe5 Rxe5 25. Qxe5 Bxe5 26. Rxe5 Re8 27. Rxe8+ Qxe8 28. Kf2) ({RR} 20... Nf8 21. g4 Nh6 ({RR} 21... g6 22. Qh3 Ng7 23. Ne4) 22. Ne4 Qe7 ({RR} 22... Qc6 23. Nf6+ gxf6 24. Qxh6 fxe5 ({RR} 24... Qf3 25. exf6 Qxg4+ 26. Kf2) 25. f5) 23. g5 Nf5 24. Nf6+ gxf6 25. gxf6 Qd7 26. Bxf5 exf5 27. Qh6) 21. h4 b5 22. Kh2 b4 23. Qe2 Nf5 24. h5 Nf8 25. Ne4 Qc6 26. g4 Ne7 27. h6 {Dolmatov,S (2605)-Lautier,J (2560) Polanica Zdroj 1991 CBM 026 [Horn,Peter] 1-0 (46)}) 13. e5 Rad8 14. Qh5 f5 $146 ({RR} 14... Qe8 15. Bf3 Bd3 16. Ne4 f6 17. Qxe8 Rdxe8 18. exf6 gxf6 19. b3 e5 20. f5 Kg7 21. Nf2 e4 22. Bh5 Rd8 23. Nxe4 Be5 24. Bf4 Bxf4 25. gxf4 Nd5 26. Ng2 Bxe4 27. Rxe4 Nxc3 28. Re6 Nd4 29. Re7+ {Maes,W (2295)-Farago,I (2485) Le Touquet 2003 ½-½ (58)}) 15. exf6 Rxf6 16. Ne4 Rh6 17. Qxh6 gxh6 18. Nf6+ Kf7 19. Nxd7 Rxd7 20. f5 exf5 21. Nxf5 Nxf5 22. Bxc6 Rd8 23. Be4 Kf6 24. Bxf5 Kxf5 25. Bxh6 Bd3 26. Rad1 c4 27. Rd2 b5 28. Rf2+ Kg4 29. Kg2 b4 30. Bf4 1-0

[Event "Brussels OHRA-04"]
[Site "Brussels"]
[Date "1985.12.16"]
[Round "1"]
[White "Kortschnoj, Viktor Lvovich"]
[Black "Garcia Palermo, Carlos H"]
[Result "1-0"]
[WhiteElo "2630"]
[BlackElo "2515"]
[PlyCount "47"]
[EventDate "1985.12.16"]
[EventType "tourn"]
[EventRounds "13"]
[EventCountry "BEL"]
[EventCategory "9"]
[SourceTitle "EXT 2001"]
[Source "ChessBase"]
[SourceDate "2000.11.22"]
[SourceVersion "1"]
[SourceVersionDate "2000.11.22"]
[SourceQuality "1"]

1. Nf3 d5 2. c4 dxc4 3. Qa4+ c6 4. Qxc4 Nf6 5. g3 Bg4 6. Bg2 Nbd7 7. d4 Bxf3 8. Bxf3 e5 9. Be3 $146 ({RR} 9. Qd3 Bb4+ 10. Bd2 Qe7 11. O-O O-O 12. e4 Rfd8 13. Bc3 Bxc3 14. bxc3 exd4 15. Bg2 Nc5 16. Qe2 dxc3 17. Nxc3 Rd3 18. Na4 Rad8 19. Nxc5 Qxc5 20. Rad1 Rxd1 21. Rxd1 Rxd1+ 22. Qxd1 g6 23. Bf3 Qe5 {Flores,N (1950)-Garcia Palermo,C (2460) Buenos Aires 2013 0-1 (37)}) 9... e4 10. Bg2 Nd5 11. O-O f5 12. Nc3 N7b6 13. Qb3 Qd7 14. Bd2 a5 15. a4 Bb4 16. f3 e3 17. Nxd5 Nxd5 18. Bxb4 axb4 19. f4 O-O-O 20. a5 Nc7 21. a6 Nxa6 22. Bxc6 Qe7 23. Qc4 Nc7 24. Ra7 1-0

[Event "Reggio Emilia-28 \"A\" 1985/86"]
[Site "Reggio Emilia"]
[Date "1986.01.02"]
[Round "6"]
[White "Romanishin, Oleg M"]
[Black "Cebalo, Miso"]
[Result "1-0"]
[WhiteElo "2560"]
[BlackElo "2515"]
[PlyCount "102"]
[EventDate "1985.12.27"]
[EventType "tourn"]
[EventRounds "11"]
[EventCountry "ITA"]
[EventCategory "13"]
[SourceTitle "MCD"]
[Source "ChessBase"]
[SourceDate "1999.07.01"]
[SourceVersion "1"]
[SourceVersionDate "1999.07.01"]
[SourceQuality "1"]

1. Nf3 Nf6 2. g3 b5 3. Bg2 Bb7 4. O-O e6 5. d3 Be7 6. e4 d6 7. Na3 a6 8. c4 c6 ({RR} 8... bxc4 9. Nxc4 c5 10. Qb3 Ra7 11. Bd2 Nbd7 12. Ba5 Qb8 13. e5 dxe5 14. Nfxe5 Bxg2 15. Qxb8+ Nxb8 16. Kxg2 Nd5 17. Rfe1 f6 18. Nf3 Kf7 19. d4 Nc6 20. dxc5 Nxa5 21. Nxa5 Bxc5 22. Nb3 Bb4 23. Rec1 {Romanishin,O (2494)-Bondarets,V (2323) Warsaw 2013 ½-½}) 9. Re1 ({RR} 9. e5 Nfd7 10. exd6 Bxd6 11. d4 b4 12. c5 Be7 13. Nc4 a5 14. Bg5 Nf6 15. Re1 O-O 16. a3 Nbd7 17. axb4 axb4 18. Qb3 Nd5 19. Bxe7 Qxe7 20. Nfe5 N7f6 21. Na5 Qc7 22. Nac4 Ba6 23. Nd6 Ne8 {Dukic,Z (2230)-Marsh,J (1991) New York USA 2025 1-0 (57)}) 9... Nbd7 10. d4 d5 $146 ({RR} 10... bxc4 11. e5 dxe5 12. dxe5 Nd5 13. Nxc4 O-O 14. h4 a5 15. Bg5 Ba6 16. Rc1 Bb5 17. a3 a4 18. Qd4 Nc5 19. Rcd1 h6 20. Bxe7 Qxe7 21. Nd6 Nb7 22. Nxb7 Qxb7 23. Qc5 Rfc8 24. Nd4 Rab8 25. Rd2 {Kaufeld,J (2270)-Souleidis,G (2410) Germany 2011 ½-½ (50)}) ({RR} 10... e5 11. b3 O-O 12. Bb2 Re8 13. Nc2 Bf8 14. c5 exd4 15. cxd6 Nxe4 16. Nfxd4 Ndf6 17. Nf5 Nxd6 18. Rxe8 Nfxe8 19. Nce3 Nxf5 20. Nxf5 g6 21. Ne3 Qb6 22. Qf3 Bg7 23. Bxg7 Kxg7 24. Ng4 Rd8 25. Re1 {Greenfeld,A (2555)-Smirin,I (2625) Beijing 1996 ½-½ (35)}) 11. e5 Ne4 12. c5 O-O 13. Nd2 Nxd2 14. Bxd2 a5 15. Nc2 Re8 16. Bh3 Nf8 17. b4 a4 18. Re2 Bc8 19. Qf1 Ra7 20. Rae1 g6 21. Qg2 h5 22. Qf3 f5 23. exf6 Bxf6 24. Bh6 Bg7 25. Bxg7 Kxg7 26. Re5 Rf7 27. Qe3 Qf6 28. Re2 Ree7 29. Ne1 Nd7 30. Qd2 Nf8 31. Ng2 Re8 32. Nf4 Kg8 33. R2e3 Bd7 34. Qe2 Rfe7 35. Bg2 Rf7 36. h4 Qd8 37. Bh3 Rxf4 38. gxf4 Qxh4 39. f5 gxf5 40. Bxf5 Re7 41. Rg3+ Rg7 42. Rxg7+ Kxg7 43. Bc2 Be8 44. Qe3 Kf6 45. Qh6+ Ke7 46. Qg7+ Bf7 47. Re3 Qf6 48. Qg3 Nd7 49. Qd6+ Kd8 50. Qxc6 Qxd4 51. Qxb5 h4 1-0

[Event "Biel"]
[Site "Biel"]
[Date "1986.07.31"]
[Round "10"]
[White "Kortschnoj, Viktor Lvovich"]
[Black "Hort, Vlastimil"]
[Result "1-0"]
[WhiteElo "2650"]
[BlackElo "2545"]
[Annotator "Dolmatov,Sergey"]
[PlyCount "74"]
[EventDate "1986.07.20"]
[EventType "tourn"]
[EventRounds "11"]
[EventCountry "SUI"]
[EventCategory "12"]
[SourceTitle "MCL"]
[Source "ChessBase"]
[SourceDate "1999.07.01"]
[SourceVersion "1"]
[SourceVersionDate "1999.07.01"]
[SourceQuality "1"]

1. Nf3 d5 2. c4 d4 3. b4 g6 4. d3 (4. Bb2 Bg7 5. g3 e5 6. d3 a5 7. b5 b6 8. Bg2 Bb7 9. O-O Ne7 $10 {Smejkal,J-Spassky,B/Amsterdam/1973/}) 4... Bg7 5. g3 e5 6. Bg2 Ne7 7. O-O O-O 8. Nbd2 Re8 (8... a5 9. b5 Nd7 10. a4 $14) ({RR} 8... h6 9. a4 a5 10. b5 c5 11. bxc6 Nexc6 12. Ba3 Nb4 13. Ne1 N8a6 14. Nc2 Re8 15. Bxb4 axb4 16. Nb3 Ra7 17. Qd2 Qe7 18. a5 Bf5 19. e3 dxe3 20. Nxe3 Be6 21. Nd5 Qg5 22. Qe3 Qxe3 23. fxe3 {Kramnik,V (2777)-Andreikin,D (2720) Baku 2015 ½-½ (70)}) ({RR} 8... f5 9. Nb3 Nd7 10. Bb2 h6 11. Qc2 g5 12. Rae1 Ng6 13. e3 g4 14. Nfd2 dxe3 15. fxe3 Qg5 16. d4 e4 17. d5 Nde5 18. Nd4 Nd3 19. Re2 Nxb4 20. Qc3 Nd3 21. Ba3 Rf7 22. Bxe4 fxe4 23. Rxf7 {Platzgummer,F (2291)-Sai,K (2365) chess.com INT 2025 0-1 (84)}) ({RR} 8... h6 9. a4 Re8 10. Ba3 Nd7 11. Qc2 Nf8 12. b5 Be6 13. Nb3 b6 14. Nfd2 Rc8 15. Rfc1 Nh7 16. a5 h5 17. axb6 axb6 18. Nf3 {½-½ (18) Ribli,Z (2585)-Hort,V (2545) Dortmund 1986}) 9. Nb3 Nd7 10. a4 Nf8 $146 ({RR} 10... Rb8 11. e3 dxe3 12. Bxe3 b6 13. a5 Bb7 14. axb6 axb6 15. Ra7 Nf5 16. Bd2 Bc6 17. b5 Ba8 18. Bb4 c5 19. bxc6 Bxc6 20. Nfd2 Bxg2 21. Kxg2 b5 22. c5 Nf6 23. Qf3 Qd5 24. Rb1 Rbd8 25. Nc1 {Vukanovic,S (2348)-Mitkov,N (2546) Ljubljana 2003 0-1}) 11. b5 Rb8 12. a5 b6 13. axb6 axb6 14. Ra7 h6 15. e3 $6 (15. Ne1 $5 Be6 16. Nc2 Qd7 17. Nb4 $14) 15... dxe3 16. fxe3 Be6 17. Ra4 (17. Bb2 $2 e4 $15) (17. Ne1 $2 Bxc4 $17) 17... c6 18. bxc6 Nxc6 $10 19. d4 (19. Nfd2 Qd7) 19... b5 (19... exd4 $5 20. exd4 (20. Nbxd4 Na5 21. c5 (21. Bd2 Bd7 $15) (21. Nxe6 Nxe6 $15) 21... Bd7 $15) 20... b5 21. cxb5 Rxb5 $15) 20. cxb5 Rxb5 21. Nfd2 Na5 22. Rxa5 Rxa5 23. Nxa5 Qxa5 24. Nb3 $6 (24. dxe5 $15) 24... Qa4 25. d5 (25. Nc5 Qxd1 26. Rxd1 Bg4 $19) 25... Bg4 26. Qc2 Rc8 27. Qb2 Bf5 (27... Rb8 28. Nc5 Qa7 29. Qa3 $1 $8 (29. Nb3 Qb6 $19) (29. Qc3 $2 Rc8 30. Ba3 (30. Qb4 Be2 31. Re1 Qxc5 $19) 30... Nd7 $17)) (27... Nd7 $5) 28. Nd2 Bd3 29. Qb7 Qd7 (29... Bxf1 30. Qxc8 Bxg2 31. Kxg2 e4 $10) 30. Qxd7 Nxd7 31. Re1 f5 $6 (31... Bf8 $5 32. Be4 (32. Bf1 e4 (32... Nc5 $15) 33. Bxd3 exd3 $40) 32... Bxe4 33. Nxe4 f5 34. Nf2 e4 $17) 32. e4 $8 Bf8 33. Bf1 Bc2 34. exf5 gxf5 35. Bh3 Bc5+ 36. Kg2 Bd3 37. Nf3 Bd6 $10 1-0

[Event "Lloyds Bank op 10th"]
[Site "London"]
[Date "1986.??.??"]
[Round "6"]
[White "Hodgson, Julian M"]
[Black "Chandler, Murray G"]
[Result "1-0"]
[WhiteElo "2500"]
[BlackElo "2565"]
[PlyCount "107"]
[EventDate "1986.08.??"]
[EventType "swiss"]
[EventRounds "9"]
[EventCountry "ENG"]
[SourceTitle "EXT 2000"]
[Source "ChessBase"]
[SourceDate "1999.11.16"]
[SourceVersion "1"]
[SourceVersionDate "1999.11.16"]
[SourceQuality "1"]

1. Nf3 Nf6 2. g3 d5 3. Bg2 Bf5 4. d3 e6 5. Nh4 Bg4 6. h3 Bh5 7. g4 ({RR} 7. c4 c6 8. Qb3 Qb6 9. g4 Bg6 10. Be3 Qxb3 11. axb3 a6 12. f4 Be7 13. Nc3 Nfd7 14. Nf3 h5 15. f5 exf5 16. gxf5 Bxf5 17. Nd4 Be6 18. cxd5 cxd5 19. Nxd5 Bxd5 20. Bxd5 Nc5 21. b4 Ncd7 {Carlsen,M (2832)-Tristan,L (2531) chess.com INT 2024 1-0}) 7... Bg6 ({RR} 7... Nfd7 8. Nf5 Bg6 9. Ng3 Bd6 10. e3 c6 11. f4 Qc7 12. O-O f6 13. Nc3 Na6 14. Qf3 O-O 15. Nce2 Nb4 16. Nd4 Bf7 17. a3 Na6 18. Bd2 b5 19. Rae1 Rab8 20. Kh1 c5 21. Nde2 Nb6 22. Bc1 {Khenkin,I (2498)-Pakleza,Z (2484) chess.com INT 2025 0-1 (39)}) 8. Nc3 $146 ({RR} 8. c4 c6 9. Qb3 Qc7 10. cxd5 cxd5 11. Nc3 Nc6 12. Bd2 Be7 13. Rc1 Rc8 14. a3 a6 15. Qd1 Qb8 16. Nxg6 hxg6 17. e3 Nd7 18. Ne2 b5 19. O-O Nde5 20. Nf4 g5 21. Nh5 g6 22. Ng3 Nxd3 {Ehlvest,J (2545)-Blomqvist,E (2509) Viljandi 2015 0-1}) ({RR} 8. Nxg6 hxg6 9. Bg5 Be7 10. Nd2 Nbd7 11. c3 c5 12. Qc2 Qb6 13. O-O-O Nxg4 14. Bxe7 Nxf2 15. Bg5 Nxh1 16. Rxh1 Qd6 17. Nf1 Qe5 18. Qd2 Qd6 19. Kb1 f6 20. Bf4 Qb6 21. Bg3 g5 22. Ne3 O-O-O {Letay,G (2089)-Hoang,T (2171) Budapest 2010 1-0 (63)}) 8... Nc6 9. g5 d4 10. Nxg6 hxg6 11. Ne4 Nxe4 12. Bxe4 Rh4 13. c3 Qd7 14. Qa4 Be7 15. f4 O-O-O 16. Bd2 Bc5 17. Rc1 Ne7 18. Qb3 c6 19. Qc4 Bb6 20. b4 Kb8 21. a4 Nf5 22. Bxf5 gxf5 23. a5 Bc7 24. Rf1 Rxh3 25. a6 Bb6 26. axb7 Kxb7 27. cxd4 Bxd4 28. Bc3 Bxc3+ 29. Qxc3 Rh2 30. Rc2 Qd6 31. Kd2 Rd7 32. Kc1 g6 33. Kb1 Ka8 34. Rb2 Rb7 35. Ka1 Qd5 36. e4 Rxb2 37. exd5 R2xb4 38. Qxc6 R4b6 39. Qc8+ Rb8 40. Qc4 Rb5 41. Qc6+ R8b7 42. Qc8+ Rb8 43. Qc6+ R8b7 44. Rf2 Rb1+ 45. Ka2 R1b5 46. Qc8+ Rb8 47. Qa6 R8b6 48. Qa3 Kb7 49. dxe6 fxe6 50. Rc2 Rb4 51. Rc3 a5 52. Rc4 Rb1 53. Qc3 a4 54. Rc7+ 1-0

[Event "Lloyds Bank op 10th"]
[Site "London"]
[Date "1986.??.??"]
[Round "7"]
[White "Hodgson, Julian M"]
[Black "Agdestein, Simen"]
[Result "1-0"]
[WhiteElo "2500"]
[BlackElo "2545"]
[PlyCount "47"]
[EventDate "1986.08.??"]
[EventType "swiss"]
[EventRounds "9"]
[EventCountry "ENG"]
[SourceTitle "EXT 2000"]
[Source "ChessBase"]
[SourceDate "1999.11.16"]
[SourceVersion "1"]
[SourceVersionDate "1999.11.16"]
[SourceQuality "1"]

1. g3 d5 2. Nf3 Nf6 3. Bg2 c6 4. d3 h6 5. b3 Bf5 6. Bb2 e6 7. Nbd2 Bc5 8. e4 dxe4 9. dxe4 Nxe4 10. Nxe4 Qxd1+ 11. Rxd1 Bxe4 12. Bxg7 Rh7 13. Bf6 $146 ({RR} 13. Bd4 Nd7 14. Bxc5 Nxc5 15. O-O Rd8 16. Rxd8+ Kxd8 17. Nd4 Rh8 18. Re1 Bxg2 19. Kxg2 Kc7 20. Re5 Rd8 21. Rxc5 Rxd4 22. Rh5 Rd2 23. Rxh6 Kd6 24. Rh8 Rxc2 25. h4 Ke7 26. h5 Rc5 27. h6 Kf6 {D'Amore,C (2440)-Stavru,A (2230) Italy 1995 1-0 (55)}) 13... Be7 14. Bxe7 Kxe7 15. Rd2 Rh8 16. Ke2 Na6 17. Ke3 f5 18. Rhd1 Nb4 19. Rd7+ Kf6 20. c4 Nxa2 21. Ne5 Kxe5 22. Rf7 Bd5 23. c5 f4+ 24. gxf4# 1-0

[Event "Bundesliga 8687"]
[Site "Germany"]
[Date "1987.??.??"]
[Round "?.2"]
[White "Kindermann, Stefan"]
[Black "Short, Nigel D"]
[Result "1-0"]
[WhiteElo "2520"]
[BlackElo "2615"]
[PlyCount "101"]
[EventDate "1986.10.??"]
[EventType "team-tourn"]
[EventRounds "15"]
[EventCountry "GER"]
[SourceTitle "GER-chT"]
[Source "ChessBase"]
[SourceDate "1999.07.01"]
[SourceVersion "1"]
[SourceVersionDate "1999.07.01"]
[SourceQuality "1"]
[WhiteTeam "Bayern Muenchen"]
[BlackTeam "Solingen"]
[WhiteTeamCountry "GER"]
[BlackTeamCountry "GER"]

1. e4 e6 2. d3 c5 3. Nf3 Nc6 4. g3 d5 5. Nbd2 g6 6. Bg2 Bg7 7. O-O Nge7 8. Re1 b6 9. h4 h6 10. e5 Bb7 ({RR} 10... Nf5 11. Nf1 Qc7 12. c3 a5 13. N1h2 Ba6 14. Ng4 O-O-O 15. Bf4 d4 16. c4 Bb7 17. a3 g5 18. hxg5 hxg5 19. Bxg5 Nfe7 20. Nf6 Ng6 21. Ne4 Bxe5 22. Bxd8 Qxd8 23. Nxe5 Ngxe5 24. f4 f5 25. fxe5 {Szmetan,J (2400)-Cid,M (2425) Buenos Aires 1992 ½-½ (31)}) ({RR} 10... g5 11. hxg5 hxg5 12. Nxg5 Nxe5 13. Ndf3 N7c6 14. c3 Ng6 15. d4 cxd4 16. cxd4 Bf6 17. Nh3 Qd7 18. Nf4 Nge7 19. Ne5 Bxe5 20. dxe5 Bb7 21. b3 O-O-O 22. a4 Kb8 23. Bd2 d4 24. Nd3 Nd5 25. b4 {Sandkamp,R (2255)-Kindermann,S (2500) Germany 1988 0-1 (31)}) 11. Nf1 $146 ({RR} 11. c3 Qc7 12. Qe2 a5 13. Nf1 O-O-O 14. Bf4 Qd7 15. Rab1 Ba6 16. Qd2 h5 17. d4 cxd4 18. Nxd4 Nf5 19. Nxf5 gxf5 20. b4 axb4 21. cxb4 Bb5 22. a4 Bxa4 23. b5 Na7 24. Qa2 Bxb5 25. Rxb5 Qxb5 {Ivanovic,M (2240)-Ostojic,K (2046) Belgrade SRB 2024 1-0 (31)}) ({RR} 11. c3 Qc7 12. Qe2 a5 13. Nf1 O-O-O 14. Bf4 Qd7 15. Rab1 Ba6 16. Qd2 h5 17. d4 cxd4 18. Nxd4 Nf5 19. Nxf5 gxf5 20. b4 axb4 21. cxb4 Bb5 22. a4 Bxa4 23. b5 Na7 24. Qa2 Bxb5 25. Rxb5 Qxb5 {Ivanovic,M (2240)-Ostojic,K (2046) Belgrade SRB 2024 1-0 (31)}) 11... Qc7 12. Bf4 d4 13. Qe2 O-O-O 14. N1h2 Kb8 15. Ng4 Nd5 16. Bd2 Rde8 17. a3 Re7 18. Rab1 h5 19. Ngh2 Rc8 20. Nf1 Rd7 21. Bg5 Ka8 22. N1d2 Bf8 23. Nc4 Ba6 24. a4 Ncb4 25. Rbc1 Bb7 26. Nfd2 Nc6 27. Qd1 Rb8 28. Ne4 Na5 29. Ned6 Bc6 30. Nxa5 bxa5 31. Nc4 Be7 32. Bd2 Bxa4 33. Ra1 Bb5 34. Rxa5 Bc6 35. Qa1 Nb4 36. Bxb4 Bxg2 37. Kxg2 Rxb4 38. Qd1 Qc6+ 39. Kg1 Bd8 40. Ra2 Bc7 41. Qe2 Ra4 42. Rxa4 Qxa4 43. Qf3+ Kb8 44. b3 Qa6 45. Re4 Qc6 46. Qf6 Bd8 47. Qh8 Qc8 48. Nd6 Qc7 49. Rf4 f6 50. exf6 e5 51. f7 1-0

[Event "Bundesliga 8687"]
[Site "Germany"]
[Date "1987.??.??"]
[Round "?.1"]
[White "Gutman, Lev"]
[Black "Smejkal, Jan"]
[Result "1-0"]
[WhiteElo "2530"]
[BlackElo "2525"]
[PlyCount "42"]
[EventDate "1986.10.??"]
[EventType "team-tourn"]
[EventRounds "15"]
[EventCountry "GER"]
[SourceTitle "GER-chT"]
[Source "ChessBase"]
[SourceDate "1999.07.01"]
[SourceVersion "1"]
[SourceVersionDate "1999.07.01"]
[SourceQuality "1"]
[WhiteTeam "Koblenz"]
[BlackTeam "Muenchen 36"]
[WhiteTeamCountry "GER"]
[BlackTeamCountry "GER"]

1. Nf3 Nf6 2. g3 d5 3. Bg2 c6 4. O-O Bg4 5. d3 Nbd7 6. Qe1 e5 7. e4 dxe4 8. dxe4 Be7 9. Nbd2 O-O 10. h3 Bh5 11. Nc4 Qc7 12. a4 Rfe8 13. Bd2 ({RR} 13. Nh4 Bf8 14. b3 Bg6 15. Bb2 a5 16. Rd1 b5 17. Nxg6 hxg6 18. Nd2 bxa4 19. bxa4 Nb6 20. Ra1 Red8 21. Qe2 Nfd7 22. Nf3 f6 23. h4 Nc5 24. h5 g5 25. Bh3 Nbxa4 26. Rxa4 Nxa4 27. Qc4+ Kh8 {Matlakov,M (2662)-Rodchenkov,S (2346) chess.com INT 2023 1-0 (36)}) 13... Bf8 14. Bc3 Bxf3 $146 ({RR} 14... Bg6 15. Nh4 Nc5 16. Nxg6 hxg6 17. Qe2 Nfd7 18. h4 Nb6 19. Nxb6 axb6 20. b3 Ne6 21. h5 gxh5 22. Qxh5 Nd4 23. Bxd4 exd4 24. Rad1 {½-½ (24) Overeem,M (2156)-Wunnink,M (2265) Bussum 2012}) 15. Bxf3 b5 16. axb5 cxb5 17. Ne3 Nc5 18. Bb4 Rac8 19. Bg2 Ncxe4 20. Bxf8 Rxf8 21. Qb4 Ng5 1-0